| 000 | 00830cam a2200265 a 4500 | ||
|---|---|---|---|
| 001 | .b21271094 | ||
| 003 | OSt | ||
| 005 | 20150527145233.0 | ||
| 008 | 080128s2008 maua b 000 0 eng d | ||
| 020 | _a0073397474 (pbk.) | ||
| 020 | _a9780073397474 (pbk.) | ||
| 245 | 0 | 0 |
_aMulticultural education / _ceditor, Fred Schultz. |
| 250 | _a14th ed. | ||
| 260 |
_aNew York : _bMcGraw-Hill Higher Education, _c2008. |
||
| 300 |
_axviii, 221 p. : _bill. ; _c28 cm. |
||
| 336 | _2rdacontent | ||
| 337 | _2rdamedia | ||
| 338 | _2rdacarrier | ||
| 490 | 0 | _aAnnual editions. | |
| 500 | _a國科會硏究人文及社會科學硏究圖書設備計畫,規劃主題: 多語文化與語言政策 | ||
| 504 | _aIncludes bibliographical references. | ||
| 650 | 0 | _aMulticultural education. | |
| 700 | 1 | _aSchultz, Fred. | |
| 942 |
_2lcc _cBK |
||
| 999 |
_c38308 _d38308 |
||